El derecho comparado: introducción al método comparativo en la investigación y en el estudio del derecho

Збережено в:
Бібліографічні деталі
Автор: Gutteridge, H. C (Автор)
Формат: Книга
Мова:Іспанська
Опубліковано: Barcelona Consejo Superior de Investigaciones Científicas. Instituto de Derecho Comparado 1954
Предмети:
Теги: Додати тег
Немає тегів, Будьте першим, хто поставить тег для цього запису!

MARC

LEADER 00000nam a2200000 a 4500
001 UCT9220
003 CL-VaPUC
008 970404e19540000SP |||||||||||||||||spa|d
082 0 4 |a 340.2  |b GUT  |2 21 
100 |a Gutteridge, H. C  |e author  |9 381734 
245 1 3 |a El derecho comparado: introducción al método comparativo en la investigación y en el estudio del derecho 
300 |a 282 p 
942 |c BK 
945 |d 19970404 00:00:00  |a paguirre 
260 |a Barcelona  |b Consejo Superior de Investigaciones Científicas. Instituto de Derecho Comparado  |c 1954 
650 0 |a Derecho comparado  |9 255664 
650 0 |a Derecho internacional privado  |9 256361 
650 7 |a DERECHO INTERNACIONAL PUBLICO  |2 CL-VaPUC  |9 381735 
650 0 |a Jurisprudencia  |9 255952 
650 7 |a LEY  |2 CL-VaPUC  |9 381736 
650 0 |a Interpretación de la ley  |9 257376 
650 0 |a Derecho privado  |9 258243 
583 |a last modification  |c 19970404 00:00:00  |k Rodrigo Vera 
999 |c 257639  |d 257637 
952 |0 0  |1 0  |4 0  |6 340_200000000000000_GUT_1954  |7 0  |8 P  |9 281201  |a BIBDER  |b BIBDER  |d 2019-11-19  |i 181897K  |o 340.2 GUT 1954  |p 181897K  |r 2023-01-25  |w 2019-11-19  |y BK  |k DER